Real estate principles and practices

Gespeichert in:
Bibliographische Detailangaben
1. Verfasser: Ficek, Edmund
Weitere Verfasser: Henderson, Thomas P., Johnson, Ross H.
Format: Buch
Sprache:Englisch
Veröffentlicht: Columbus Charles E. Merrill Publishing Company 1983
Ausgabe:3. ed.
Schlagworte:
Tags: Tag hinzufügen
Keine Tags, Fügen Sie das erste Tag hinzu!

MARC

LEADER 00000nam a2200000 4500
001 c106758
005 20221123135732.1
020 |a 0-675-20016-4 
041 0 |a eng 
044 |a US 
245 1 0 |a Real estate principles and practices  |c Edmund Ficek, Thomas P. Henderson, Ross H. Johnson 
250 |a 3. ed. 
264 1 |a Columbus  |b Charles E. Merrill Publishing Company  |c 1983 
300 |a 550 s. 
610 2 0 |a nehnuteľnosti 
610 2 0 |a obchod s nehnuteľnosťami 
610 2 0 |a pozemky 
610 2 0 |a vlastníctvo súkromné 
610 2 0 |a kontrakty 
610 2 0 |a zákony 
610 2 0 |a zmluvy 
610 2 0 |a prenájom 
610 2 0 |a trh hypotekárny 
610 2 0 |a trh kapitálový 
610 2 0 |a trh peňažný 
610 2 0 |a nástroje finančné 
610 2 0 |a poistenie majetku 
610 2 0 |a odmeny 
610 2 0 |a sprostredkovatelia 
610 2 0 |a reklama 
610 2 0 |a predaj 
610 2 0 |a regulácia 
610 2 0 |a licencie 
610 2 0 |a dohody obchodné 
610 2 0 |a manažment 
610 2 0 |a investície 
100 1 |a Ficek, Edmund 
700 1 |a Henderson, Thomas P. 
700 1 |a Johnson, Ross H.